| 000 | 00736nam a2200229 a 4500 | ||
|---|---|---|---|
| 999 |
_c12005 _d12005 |
||
| 001 | 12005 | ||
| 003 | BD-JhCC | ||
| 005 | 20220602134022.0 | ||
| 008 | 210303b20072015bg |||| ||a| 000 0 ben d | ||
| 020 | _a984870317 | ||
| 035 | _a(BD-JhCC)12005 | ||
| 040 |
_aBD-JhCC _dBD-JhCC |
||
| 041 | _abengali | ||
| 082 |
_a891.44 _bAHA 2015 |
||
| 100 | _aআহমেদ, মোশতাক | ||
| 245 |
_aসায়েন্স ফিকশন: _bপাইথিন / _cমোশতাক আহমেদ । |
||
| 260 |
_aঢাকা: _bঅনিন্দ্য প্রকাশ; _c২০১৫. |
||
| 300 |
_a১২৭ পৃ. : _c২২ সেমি. |
||
| 650 | _aBengali fiction | ||
| 942 |
_2ddc _cBK _07 |
||